000 00358nam a22001457a 4500
008 230630b ||||| |||| 00| 0 eng d
020 _a9780618197026
041 _aeng
080 _2FOURTH EDITION
_a330.1
082 _a330.1WIL
100 _a24
101 _aMBE
245 _aMACROSCALE AND MICROSCALE ORGANIC EXPERIMENTS
_cWILLIAMSON
942 _2udc
_cBK
999 _c60063
_d60063